000 00446nam a2200157Ia 4500
005 20240422021722.0
008 240331s9999 xx 000 0 und d
082 _bBAX
_a331.4
100 _aBaxamusa, Ramala M.
245 0 _aAssistance for women's development from national agencies :
_bemployment programmes
250 _a1 ST
260 _aBombay :
_bPopular prakashan PVT LTD /
_c1992
300 _aX, 205 P .,
650 _aWomen
942 _cL
999 _c2612
_d2612